[Event "HSG/BUE-ch"]
[Site "Hamburg"]
[Date "2003.10.17"]
[Round "12"]
[White "Hoff, Guenther"]
[Black "Klimanek, Rainer"]
[Result "0-1"]
[WhiteElo "1559"]
[BlackElo "1563"]
[PlyCount "134"]
[EventDate "2003.07.04"]
[EventType "swiss"]
[EventRounds "18"]
[EventCountry "GER"]
[SourceTitle "EXT 2009"]
[Source "ChessBase"]
[SourceDate "2008.11.26"]
[SourceVersion "1"]
[SourceVersionDate "2008.11.26"]
[SourceQuality "1"]

1. e4 Nc6 2. Bc4 Ne5 3. Bb3 c5 4. a3 c4 5. Ba2 Nf6 6. Nc3 d6 7. d4 cxd3 8. cxd3 Qb6 9. d4 Nc6 10. Nge2 Bg4 11. f3 Bh5 12. 0-0 e5 13. Na4 Qc7 14. Be3 Be7 15. Rc1 Qd7 16. Qd2 0-0 17. d5 Nd4 18. Nac3 Nxe2+ 19. Nxe2 a6 20. Ng3 Bg6 21. Rc3 Rfc8 22. Rfc1 Rxc3 23. Rxc3 Rc8 24. Qc2 Rxc3 25. Qxc3 Ne8 26. Bb6 Bd8 27. Bxd8 Qxd8 28. Bb3 Qb6+ 29. Kf1 Qc5 30. Ne2 Qxc3 31. Nxc3 Nc7 32. Na4 Kf8 33. Nb6 Ke7 34. Bc4 f6 35. b4 Be8 36. a4 Kd8 37. Ke2 Bxa4 38. Nxa4 b5 39. Nb2 bxc4 40. Nxc4 Nb5 41. Ke3 Kc7 42. g3 Nd4 43. f4 Nc2+ 44. Kd2 Nxb4 45. fxe5 fxe5 46. Kc3 Na2+ 47. Kb2 Nb4 48. Ka3 Nd3 49. Ka4 Nc5+ 50. Ka5 Nxe4 51. Kxa6 Nf6 52. Ne3 h5 53. Kb5 Ng4 54. Nf1 g6 55. Kc4 Kb6 56. Kb4 g5 57. Kc4 h4 58. gxh4 gxh4 59. Kb4 h3 60. Kc4 Ka5 61. Kd3 Kb5 62. Ke4 Kc5 63. Kf5 Nf2 64. Ne3 Kd4 65. Ke6 Kxe3 66. Kxd6 Kd4 67. Ke6 Ne4 0-1

[Event "HSG/BUE-ch"]
[Site "Hamburg"]
[Date "2003.08.15"]
[Round "6"]
[White "Hoff, Guenther"]
[Black "Eusch, Johann"]
[Result "1-0"]
[WhiteElo "1559"]
[BlackElo "1589"]
[PlyCount "153"]
[EventDate "2003.07.04"]
[EventType "swiss"]
[EventRounds "18"]
[EventCountry "GER"]
[SourceTitle "EXT 2009"]
[Source "ChessBase"]
[SourceDate "2008.11.26"]
[SourceVersion "1"]
[SourceVersionDate "2008.11.26"]
[SourceQuality "1"]

1. e4 c5 2. Nf3 Nc6 3. Bc4 e6 4. 0-0 Be7 5. c3 e5 6. d3 Nf6 7. Bg5 h6 8. Bxf6 Bxf6 9. Bd5 Ne7 10. Qb3 Nxd5 11. Qxd5 d6 12. Qb3 0-0 13. Nbd2 Qc7 14. Rac1 Be6 15. Qa4 a6 16. a3 b5 17. Qd1 a5 18. d4 cxd4 19. cxd4 Qb7 20. d5 Bd7 21. Qb3 Rfc8 22. h3 Be7 23. Nh2 f5 24. f3 Rc7 25. Rxc7 Qxc7 26. Qc3 Qb6+ 27. Kh1 Rc8 28. Qb3 a4 29. Qd3 f4 30. Nb1 b4 31. Qd2 Rc4 32. axb4 Rxb4 33. Rf2 Qd4 34. Nf1 Kf7 35. Nc3 Qxd2 36. Rxd2 Bd8 37. Rc2 Bb6 38. Nd2 Bd4 39. Ndb1 Bxc3 40. Nxc3 Ke7 41. Kh2 Rc4 42. g3 g5 43. gxf4 gxf4 44. h4 Rb4 45. Kg2 Rb3 46. Kf2 a3 47. bxa3 Rxa3 48. Ke2 Kd8 49. Kd2 Rb3 50. Ra2 Rb6 51. Kc2 Rb7 52. Ra6 Ke7 53. Ra8 Be8 54. Rc8 Kd7 55. Ra8 Rc7 56. Ra6 Bh5 57. Kd2 Ke7 58. Nb5 Rd7 59. Ke2 Rb7 60. Nxd6 Rb2+ 61. Kf1 Bxf3 62. Nf5+ Kd7 63. Ra7+ Kd8 64. Nxh6 Bxe4 65. Nf7+ Kc8 66. d6 Rb7 67. Rxb7 Bxb7 68. Nxe5 Bd5 69. h5 Be4 70. Kf2 Kd8 71. h6 Ke8 72. Ke2 Kd8 73. Ng4 Kc8 74. Nf6 Bf5 75. Kf3 Kd8 76. Kxf4 Bb1 77. Ne4 1-0